000 01294cam a22003737a 4500
003 CHAP
005 20220817041320.0
008 971013s1983 r 00010 d
010 _a11078
011 _a12050
035 _a13921
040 _cCHAP
082 _a633.1
_bR6 1983
100 0 0 _aRobles Sánchez, Raúl.
_998118
245 0 _aProducción de granos y forrajes
250 _a4 ed.
260 _aMéxico :
_bLimusa,
_c1983
300 _a608 p.
590 _aBATCH-UPD
_b10
_c20130110
_lUCH01
_h0145
590 _aBATCH-UPD
_b10
_c20130110
_lUCH01
_h1815
590 _aBATCH-UPD
_b10
_c20130409
_lUCH01
_h2144
590 _aBATCH-UPD
_b10
_c20130914
_lUCH01
_h0912
590 _aCONVERSION
_b10
_c20130109
_lUCH01
_h1307
650 1 4 _aCereales.
_921370
650 1 4 _aForrajes.
901 _aBK
942 _cLIBRO
949 _a633.1 R6 1983
_bBC
_cLIBRO
_d-88252
_eLIBRO
_fc.2
_h2534
_i13921
_si
949 _a633.1 R6 1983
_bBC
_cLIBRO
_d-88253
_eLIBRO
_fc.3
_h2535
_i13921
_si
949 _a633.1 R6 1983
_bBC
_cLIBRO
_d33724000872933
_eLIBRO
_gDonaciØn
_h103730rep.
_i13921
_si
949 _a633.1 R6 1983
_bF
_cLIBRO
_d-26037
_eLIBRO
_h2533
_i13921
_si
949 _a633.1 R6 1983
_bF
_cLIBRO
_d-88277
_eLIBRO
_fc.2
_h2534
_i13921
_si
949 _a633.1 R6 1983
_bF
_cLIBRO
_d-88279
_eLIBRO
_fc.3
_h2535
_i13921
_si
999 _c11078
_d11078